000 00405nam a2200145Ia 4500
008 230413s9999||||xx |||||||||||||| ||und||
020 _a9788126515226
082 _a005.1
_bG654
100 _aGoodrich, Michael T. & Tamassia, Roberto
245 0 _aData structures and algorithms in Java
250 _a3rd
260 _aNew Delhi
_bJohn Wiley & Sons Inc.
_c2010
300 _axvii, 681 p.
942 _cBK
999 _c26278
_d26278